Law relating to disciplinary proceedings in industries / (Record no. 40641)

MARC details
000 -LEADER
fixed length control field 00837nam a22002177a 4500
005 - DATE AND TIME OF LATEST TRANSACTION
control field 20100810134259.0
010 ## - LCCN (DPL NO)
LC control number ENG-99211
020 ## - INTERNATIONAL STANDARD BOOK NUMBER
International Standard Book Number 9788175348066
Terms of availability 325.00
035 ## - SYSTEM CONTROL NUMBER
System control number EN-82743
037 ## - SOURCE OF ACQUISITION
Source of stock number/acquisition DBAD/PUB
082 ## - DEWEY DECIMAL CLASSIFICATION NUMBER
Classification number 344.5401
100 ## - MAIN ENTRY--PERSONAL NAME
Personal name Kumar, H. L.
245 ## - TITLE STATEMENT
Title Law relating to disciplinary proceedings in industries /
Statement of responsibility, etc by H.L. Kumar [and] Gaurav Kumar
250 ## - EDITION STATEMENT
Edition statement 6th ed
260 ## - PUBLICATION, DISTRIBUTION, ETC. (IMPRINT)
Place of publication, distribution, etc Delhi
Name of publisher, distributor, etc Universal Law Publishing
Date of publication, distribution, etc 2009
270 ## - ADDRESS
Address C-FF-1A, Dilkhush Industrial Estate ,(Near Azadpur Metro Station) G.T. Karnal Road
City Delhi
Postal code 110033
300 x# - PHYSICAL DESCRIPTION
Extent xlviii,323p.
Dimensions 22cm (pbk)
500 ## - GENERAL NOTE
General note Includes index
942 ## - ADDED ENTRY ELEMENTS (KOHA)
Source of classification or shelving scheme Dewey Decimal Classification
Item type English Books
Classification part 344.5401
Call number suffix KUM
Holdings
Withdrawn status Lost status Not for loan Collection code Home library Current library Date acquired Source of acquisition Cost, normal purchase price Full call number Barcode Copy number Cost, replacement price Koha item type
    Not For Loan Non-fiction D.B.Act.Division D.B.Act.Division 10/08/2010 DBAD/PUB 325.00 344.5401 KUM EN-82743 1 325.00 English Books

© Delhi Public Library
Hit Counter
free hit counter